27 - Né(es) - 27 janvier - Statistiques

Statistiques générales
  • Ce quiz a été pris 16 fois
  • Le résultat moyen est 5 sur 13
Statistiques - réponses
fHint Année de naissance Réponse % Correct
Compositeur autrichien de musique classique décédé à l'age de 35 ans. Précoce, il porta à son apogée l'école classique viennoise. 1756 Johannes Chrysostomus Wolfgangus Theophilus Mozart|Wolfgang Amadeus Mozart
100%
Femme politique française, connue pour avoir été la première Premier ministre de la Vè République. 1934 Édith Cresson|Campion
69%
Romancier britannique. Principalement connu pour son roman "Les Aventures d'Alice au pays des merveilles" (1865) et sa suite "De l'autre côté du miroir" (1871). 1832 Charles Lutwidge Dodgson|Lewis Carroll
54%
Homme politique français, connu pour avoir été surintendant des Finances de Louis XIV. Il fut dénoncé par Colbert pour malversations et fut condamné à un emprisonnement à vie dans la forteresse de Pignerol. 1615 Nicolas Fouquet
46%
Architecte français. Connu pour son travail de restauration de Notre-Dame de Paris ainsi que du Mont Saint-Michel. 1814 Eugène Viollet-le-Duc
38%
Actrice américaine, connue pour avoir débuté sa carrière à cinq ans dans "Easy Rider". Vient d'une grande famille d'acteurs et actrices. 1946 Bridget Fonda
31%
Troisième et dernier empereur allemand. Abdiqua en 1918. 1859 Guillaume II
31%
Violoniste français. Mari de la journaliste Laurence Ferrari. 1976 Renaud Capuçon
31%
Ingénieur français qui poursuivit les travaux d'aménagements de la capitale lancés sous le baron Haussmann. Par exemple, la création du métro parisien. 1852 Fulgence Bienvenüe
23%
Historien allemand. Laissa son nom à une pratique d'humiliation considérée comme une pathologie. 1836 Leopold von Sacher-Masoch
15%
Actrice britannique, vue dans les films "Meurs un autre jour", "Orgueil et Préjugés", "Une éducation", "Jack Reacher", "Gone Girl", "I Care a Lot". 1979 Rosamund Pike
15%
Philosophe allemand, grand représentant de l'idéalisme allemand et proche du romantisme. Schopenhauer assista à ses leçons. 1775 Friedrich Wilhelm Joseph von Schelling
0%
Homme politique français. Ancien ministre de la Défense et des Transports. Député pendant 14 ans. Maire de Cordes-sur-Ciel pendant 24 ans. 1942 Paul Quilès
0%
Aucun quiz correspondant
Distribution des résultats
% des personnes avec chaque résultat
Percentile par nombre de réponses
Votre historique - résultats
Vous n’avez pas pris ce quiz